Essere cristiani oggi: gli atteggiamenti fondamentali del cristiano
Պահպանված է:
| Հիմնական հեղինակ: | |
|---|---|
| Ձևաչափ: | Գիրք |
| Լեզու: | իտալերեն |
| Հրապարակվել է: |
Brescia
Queriniana
1983
|
| Շարք: | UT. Universale Teologica, 6
|
| Խորագրեր: | |
| Ցուցիչներ: |
Ավելացրեք ցուցիչ
Չկան պիտակներ, Եղեք առաջինը, ով նշում է այս գրառումը!
|
MARC
| LEADER | 00000cam a2200000 a 4500 | ||
|---|---|---|---|
| 001 | UCD3882 | ||
| 003 | CL-VaPUC | ||
| 008 | 160623e19830000it |||||||||||||||||ita|d | ||
| 082 | 0 | 4 | |a 230 |b BOR |2 21 |
| 100 | 0 | |a Boros, Ladislaus |e author |9 587513 | |
| 245 | 1 | 0 | |a Essere cristiani oggi: gli atteggiamenti fondamentali del cristiano |
| 300 | |a 104 p | ||
| 942 | |c BK | ||
| 945 | |d 20160623 20:47:00 |a cmena | ||
| 260 | |a Brescia |b Queriniana |c 1983 | ||
| 650 | 0 | |a Teología cristiana |9 308336 | |
| 583 | |a last modification |c 20160623 20:47:00 |k Rodrigo Vera | ||
| 490 | 0 | |a UT. Universale Teologica, 6 | |
| 999 | |c 364897 |d 364895 | ||
| 952 | |0 0 |1 0 |3 erb |4 0 |6 230_000000000000000_BOR_1983 |7 0 |8 A |9 478527 |a BIBTEO |b BIBTEO |i 531450K |o 230 BOR 1983 |p 531450K |r 2025-01-17 |w 2019-11-24 |y BK |z Catalogado en:20160623 |k ICR | ||